[Event "Noisiel op 9th"]
[Site "Noisiel"]
[Date "2024.04.11"]
[Round "9"]
[White "Harikrishnan, A Ra"]
[Black "Muthaiah, Al"]
[Result "1/2-1/2"]
[WhiteElo "2461"]
[BlackElo "2472"]
[PlyCount "59"]
[EventDate "2024.04.06"]
[EventType "swiss"]
[EventRounds "9"]
[EventCountry "FRA"]
[SourceTitle "CB16_2024"]
[SourceDate "2024.04.17"]
[SourceVersion "1"]
[SourceVersionDate "2024.04.17"]
[SourceQuality "1"]

1. c4 e6 2. g3 d5 3. Bg2 Nf6 4. Nf3 Be7 5. 0-0 0-0 6. d4 dxc4 7. Na3 Bxa3 8. bxa3 b5 9. a4 a6 10. Ba3 Re8 11. Ne5 Nd5 12. e4 Nf6 13. Nxf7 Kxf7 14. e5 Nd5 15. Qh5+ Kg8 16. Be4 g6 17. Bxg6 Re7 18. Bxe7 Qxe7 19. Bxh7+ Qxh7 20. Qe8+ Kg7 21. Qxc8 Qg8 22. Qb7 Nd7 23. axb5 N7b6 24. bxa6 Qe8 25. a4 Rb8 26. Qa7 Ra8 27. Qb7 Rb8 28. Qa7 Ra8 29. Qb7 Rb8 30. Qa7 1/2-1/2

[Event "San Vicente op 8th"]
[Site "San Vicente"]
[Date "2024.03.31"]
[Round "7"]
[White "Movsziszian, Karen"]
[Black "Muthaiah, Al"]
[Result "0-1"]
[WhiteElo "2439"]
[BlackElo "2454"]
[PlyCount "78"]
[EventDate "2024.03.27"]
[EventType "swiss"]
[EventRounds "9"]
[EventCountry "ESP"]
[SourceTitle "CB14_2024"]
[SourceDate "2024.04.01"]
[SourceVersion "1"]
[SourceVersionDate "2024.04.01"]
[SourceQuality "1"]

1. g3 d5 2. Nf3 c6 3. Bg2 Bf5 4. b3 h6 5. Bb2 e6 6. d3 Nf6 7. Nbd2 Be7 8. 0-0 0-0 9. c4 a5 10. a3 Bh7 11. Ra2 Qb6 12. Qa1 Nbd7 13. Ne5 Rfd8 14. h3 Bf8 15. g4 Nxe5 16. Bxe5 Nd7 17. Bc3 Qa7 18. Kh1 f6 19. f4 Nc5 20. d4 Ne4 21. Nxe4 Bxe4 22. Bxe4 dxe4 23. Rc2 b5 24. a4 bxc4 25. bxc4 Bb4 26. e3 c5 27. Bb2 cxd4 28. exd4 e3 29. Qd1 Qb7+ 30. Rg2 Bd2 31. Ba1 Qe4 32. g5 fxg5 33. fxg5 Rf8 34. gxh6 Rxf1+ 35. Qxf1 Rf8 36. h7+ Qxh7 37. Qe2 Qb1+ 38. Kh2 Rf1 39. Qh5 Qb8+ 0-1

[Event "Budapest FS03 GM-2"]
[Site "Budapest"]
[Date "2024.03.22"]
[Round "7"]
[White "Akbas, Umut Ata"]
[Black "Muthaiah, Al"]
[Result "0-1"]
[WhiteElo "2453"]
[BlackElo "2454"]
[PlyCount "92"]
[EventDate "2024.03.14"]
[EventType "tourn"]
[EventRounds "9"]
[EventCountry "HUN"]
[EventCategory "7"]
[SourceTitle "CB15_2024"]
[SourceDate "2024.04.10"]
[SourceVersion "1"]
[SourceVersionDate "2024.04.10"]
[SourceQuality "1"]

1. d4 d5 2. c4 c6 3. Nf3 Nf6 4. e3 Bg4 5. Nc3 e6 6. h3 Bh5 7. g4 Bg6 8. Ne5 Nbd7 9. h4 dxc4 10. Nxc4 h5 11. g5 Nd5 12. Bg2 b5 13. Nd2 Bb4 14. Ne2 f6 15. e4 Ne7 16. Qb3 Ba5 17. Qxe6 f5 18. exf5 Bf7 19. Qe3 0-0 20. Ng3 Nd5 21. Bxd5 Bxd5 22. 0-0 Nb6 23. Qa3 Nc8 24. Nb3 Bc7 25. Nc5 Ne7 26. Ne6 Bxe6 27. fxe6 Qxd4 28. Be3 Qg4 29. Qxe7 Bxg3 30. fxg3 Qxg3+ 31. Kh1 Qh3+ 32. Kg1 Qxe3+ 33. Kg2 Qe2+ 34. Kg1 Qg4+ 35. Kh2 Qxh4+ 36. Kg2 Qg4+ 37. Kh1 Qh3+ 38. Kg1 Qg3+ 39. Kh1 Rf3 40. Rxf3 Qxf3+ 41. Kh2 Qf2+ 42. Kh1 Qh4+ 43. Kg1 Rf8 44. Rc1 Qg3+ 45. Kh1 Qh3+ 46. Kg1 Qe3+ 0-1

[Event "Prague op"]
[Site "Prague"]
[Date "2024.03.07"]
[Round "9"]
[White "Klepek, Witold"]
[Black "Muthaiah, Al"]
[Result "0-1"]
[WhiteElo "2262"]
[BlackElo "2454"]
[PlyCount "72"]
[EventDate "2024.02.28"]
[EventType "swiss"]
[EventRounds "9"]
[EventCountry "CZE"]
[SourceTitle "CB11_2024"]
[SourceDate "2024.03.13"]
[SourceVersion "1"]
[SourceVersionDate "2024.03.13"]
[SourceQuality "1"]

1. e4 c6 2. d4 d5 3. e5 c5 4. dxc5 e6 5. a3 Bxc5 6. Nf3 Ne7 7. Bd3 Ng6 8. 0-0 0-0 9. Re1 Qb6 10. Qe2 Nc6 11. b4 Nd4 12. Nxd4 Bxd4 13. Be3 Bd7 14. Nd2 Ba4 15. Qh5 Bxe3 16. Rxe3 Rac8 17. Ra2 Bb5 18. Bxb5 Qxb5 19. Qg4 d4 20. Re1 Qd5 21. Nb3 d3 22. Qd4 Qxd4 23. Nxd4 Rfd8 24. c3 Rxc3 25. Nb5 Rc2 26. Raa1 d2 27. Red1 Nxe5 28. Nxa7 Nc4 29. Kf1 Nb2 30. Ke2 Na4 31. Ke3 Nc3 32. a4 Nxd1+ 33. Rxd1 Rc1 34. Rxd2 Re1+ 35. Re2 Rxe2+ 36. Kxe2 Ra8 0-1

[Event "Qatar Masters op"]
[Site "Doha"]
[Date "2023.10.14"]
[Round "4"]
[White "Muthaiah, Al"]
[Black "Ashraf, Artin"]
[Result "0-1"]
[WhiteElo "2470"]
[BlackElo "2340"]
[PlyCount "110"]
[EventDate "2023.10.11"]
[EventType "swiss"]
[EventRounds "9"]
[EventCountry "QAT"]
[SourceTitle "Mega2024 Update 01"]
[Source "Chessbase"]
[SourceDate "2023.11.12"]
[SourceVersion "1"]
[SourceVersionDate "2023.11.12"]
[SourceQuality "1"]

1. Nf3 d5 2. d4 Nf6 3. c4 e6 4. Nc3 Bb4 5. cxd5 exd5 6. Bg5 h6 7. Bxf6 Qxf6 8. Qb3 c5 9. a3 Bxc3+ 10. Qxc3 b6 11. e3 0-0 12. Be2 Bg4 13. dxc5 Qxc3+ 14. bxc3 bxc5 15. Ne5 Bxe2 16. Kxe2 Re8 17. Nf3 Nd7 18. Rab1 Rab8 19. Rhd1 Nf6 20. Nd2 Rb6 21. Rxb6 axb6 22. Rb1 Ra8 23. Ra1 Ra4 24. f3 Kf8 25. Kd3 Ke7 26. Kc2 Kd6 27. Kb3 b5 28. Re1 Nd7 29. e4 d4 30. cxd4 Rxd4 31. Kc2 Kc6 32. Nb3 Ra4 33. Ra1 Nb6 34. Nd2 b4 35. Nb1 Nc4 36. Kb3 Kb5 37. axb4 Rxa1 38. Nc3+ Kc6 39. b5+ Kd6 40. Kxc4 Rh1 41. e5+ Kxe5 42. Kxc5 Rc1 43. Kc4 Rc2 44. g4 Rxh2 45. Ne4 Rc2+ 46. Kd3 Rb2 47. Kc4 Kf4 48. Nd6 Kxf3 49. Kc5 Kxg4 50. b6 h5 51. Nb5 Rc2+ 52. Kd6 Rc8 53. Na7 Rb8 54. Kc7 Rxb6 55. Kxb6 h4 0-1

[Event "Abu Dhabi op 29th"]
[Site "Abu Dhabi"]
[Date "2023.08.24"]
[Round "9"]
[White "Muthaiah, Al"]
[Black "Anton Guijarro, David"]
[Result "1-0"]
[WhiteElo "2458"]
[BlackElo "2693"]
[PlyCount "93"]
[EventDate "2023.08.16"]
[EventType "swiss"]
[EventRounds "9"]
[EventCountry "UAE"]
[SourceTitle "EXT 2024"]
[Source "ChessBase"]
[SourceDate "2023.10.10"]
[SourceVersion "1"]
[SourceVersionDate "2023.10.10"]
[SourceQuality "1"]

1. d4 Nf6 2. Bf4 c5 3. d5 b5 4. e4 Nxe4 5. Qf3 f5 6. Nd2 Qa5 7. c3 Nf6 8. Be5 d6 9. Bxf6 exf6 10. a4 b4 11. Bb5+ Kf7 12. Nh3 bxc3 13. bxc3 g6 14. 0-0 Nd7 15. Qe2 Kg7 16. Nc4 Qc7 17. f4 Nb6 18. Nxb6 Qxb6 19. a5 Qc7 20. a6 Be7 21. c4 Bd8 22. Rfe1 Rb8 23. Nf2 Bd7 24. Bxd7 Qxd7 25. Qe6 Qxe6 26. Rxe6 Kh6 27. Rxd6 Rb4 28. Rd7 Bb6 29. Rc1 Ra4 30. g4 g5 31. gxf5 gxf4 32. Ne4 Ra3 33. Rc3 Rxc3 34. Nxc3 Kg5 35. Na4 Ba5 36. Rxa7 f3 37. Re7 Kf4 38. a7 Ra8 39. Kf2 h5 40. d6 h4 41. Nb2 Bb6 42. Rb7 Rxa7 43. Rxb6 Ke4 44. Nd1 Rg7 45. Nc3+ Kd4 46. Nd5 Rf7 47. Nxf6 1-0

[Event "Arad op 16th"]
[Site "Arad"]
[Date "2023.08.09"]
[Round "4"]
[White "Muthaiah, Al"]
[Black "Narayanan, Samrug"]
[Result "0-1"]
[WhiteElo "2458"]
[BlackElo "2293"]
[PlyCount "92"]
[EventDate "2023.08.07"]
[EventType "swiss"]
[EventRounds "9"]
[EventCountry "ROU"]
[SourceTitle "EXT 2024"]
[Source "ChessBase"]
[SourceDate "2023.10.10"]
[SourceVersion "1"]
[SourceVersionDate "2023.10.10"]
[SourceQuality "1"]

1. c4 e6 2. d4 d5 3. Nc3 Nf6 4. Nf3 Nbd7 5. cxd5 exd5 6. Bg5 c6 7. e3 Be7 8. Bd3 Nh5 9. Bxe7 Qxe7 10. 0-0 g6 11. Rb1 a5 12. a3 0-0 13. b4 axb4 14. axb4 Nhf6 15. b5 c5 16. Re1 c4 17. Bc2 Nb6 18. e4 dxe4 19. Nxe4 Nxe4 20. Rxe4 Qf6 21. d5 Rd8 22. Rd4 Bf5 23. Bxf5 Qxf5 24. d6 Ra3 25. Rb2 Rd3 26. Rd2 Rb3 27. Qe2 c3 28. Rc2 Qxb5 29. Qxb5 Rxb5 30. Kf1 Nd5 31. g3 Rc5 32. Ng5 Nf6 33. h4 b5 34. f3 Rd5 35. Rb4 R8xd6 36. Ne4 Nxe4 37. fxe4 Rd1+ 38. Ke2 R1d2+ 39. Rxd2 Rxd2+ 40. Ke3 Rb2 41. Rd4 b4 42. Rc4 c2 43. e5 b3 44. Rc8+ Kg7 45. Rc7 Rb1 46. e6 c1Q+ 0-1

[Event "Biel HTO 56th"]
[Site "Biel"]
[Date "2023.07.18"]
[Round "2"]
[White "Vincenti, Leonardo"]
[Black "Muthaiah, Al"]
[Result "0-1"]
[WhiteElo "2117"]
[BlackElo "2445"]
[PlyCount "84"]
[EventDate "2023.07.17"]
[EventType "swiss"]
[EventRounds "10"]
[EventCountry "SUI"]
[SourceTitle "CBM 215 Extra"]
[Source "ChessBase"]
[SourceDate "2023.09.30"]
[SourceVersion "1"]
[SourceVersionDate "2023.09.30"]
[SourceQuality "1"]

1. e4 c5 2. Nf3 e6 3. c4 Nc6 4. d4 cxd4 5. Nxd4 Nf6 6. Nc3 Bb4 7. Nxc6 bxc6 8. Bd3 e5 9. 0-0 0-0 10. Na4 d5 11. cxd5 cxd5 12. exd5 Qxd5 13. a3 Be7 14. Nc3 Qc6 15. Qe2 Bb7 16. f3 Rad8 17. Bg5 h6 18. Bh4 Rxd3 19. Qxd3 Ba6 20. Qc2 Bxf1 21. Rxf1 Bc5+ 22. Bf2 Bd4 23. Rc1 Rb8 24. Qd2 Rd8 25. Rd1 Rd7 26. Bxd4 Rxd4 27. Qe2 Rxd1+ 28. Nxd1 Qc1 29. g3 Nd5 30. Qd3 Nb6 31. Kg2 Nc4 32. Qd8+ Kh7 33. Qd3+ g6 34. Qd5 Kg8 35. Kh3 Nxb2 36. Nxb2 Qxb2 37. Qa8+ Kg7 38. Qxa7 Qe2 39. Qc7 Qf1+ 40. Kg4 h5+ 41. Kh4 Qe2 42. Qe7 Qxh2+ 0-1

[Event "Dortmund Sparkassen op 50th"]
[Site "Dortmund"]
[Date "2023.06.28"]
[Round "5"]
[White "Svane, Frederik"]
[Black "Muthaiah, Al"]
[Result "1-0"]
[WhiteElo "2603"]
[BlackElo "2439"]
[PlyCount "95"]
[EventDate "2023.06.24"]
[EventType "swiss"]
[EventRounds "9"]
[EventCountry "GER"]
[SourceTitle "CBM 215 Extra"]
[Source "ChessBase"]
[SourceDate "2023.09.30"]
[SourceVersion "1"]
[SourceVersionDate "2023.09.30"]
[SourceQuality "1"]

1. Nf3 Nf6 2. d4 d5 3. Bf4 e6 4. Nbd2 Bd6 5. Bg5 Be7 6. c3 Nbd7 7. e3 0-0 8. Bd3 c5 9. 0-0 h6 10. Bf4 b6 11. Ne5 Bb7 12. Qf3 Bd6 13. Rad1 Qc7 14. Qg3 Nh5 15. Qh3 Nxf4 16. exf4 Nf6 17. Rfe1 cxd4 18. cxd4 Ne4 19. Nf1 f5 20. f3 Bxe5 21. fxe5 Ng5 22. Qg3 Qf7 23. Qf2 Rfc8 24. Ng3 Nh7 25. Ne2 Nf8 26. f4 a5 27. Nc3 Bc6 28. Kh1 Ng6 29. Rg1 Rf8 30. Qf3 Rac8 31. Rdf1 Ne7 32. Be2 Qe8 33. Qd3 Rb8 34. Rc1 b5 35. Nd1 b4 36. Rc5 a4 37. Ne3 Qd7 38. Rgc1 Rfc8 39. Qd2 Qb7 40. g4 fxg4 41. Bxg4 Bd7 42. Rxc8+ Rxc8 43. Rg1 Rf8 44. Qg2 Nc6 45. Nxd5 Kh8 46. Bf3 Rf7 47. Nf6 Qc8 48. Qg6 1-0

[Event "Teplice op"]
[Site "Teplice"]
[Date "2023.06.12"]
[Round "3"]
[White "Herega, Nejc"]
[Black "Muthaiah, Al"]
[Result "1/2-1/2"]
[WhiteElo "2142"]
[BlackElo "2439"]
[PlyCount "63"]
[EventDate "2023.06.10"]
[EventType "swiss"]
[EventRounds "9"]
[EventCountry "CZE"]
[SourceTitle "CBM 214 Extra"]
[Source "ChessBase"]
[SourceDate "2023.07.31"]
[SourceVersion "1"]
[SourceVersionDate "2023.07.31"]
[SourceQuality "1"]

1. d4 d5 2. c4 c6 3. Nf3 Nf6 4. cxd5 cxd5 5. Nc3 Nc6 6. Bf4 a6 7. e3 Bg4 8. Be2 e6 9. Nd2 Bxe2 10. Qxe2 Rc8 11. 0-0 Be7 12. Rfc1 0-0 13. Nb3 Na5 14. Na4 Nxb3 15. axb3 Qa5 16. Bg5 Qb4 17. Bxf6 Bxf6 18. Qd3 Be7 19. Rc3 Rxc3 20. Qxc3 Qxc3 21. bxc3 Rc8 22. b4 Rc4 23. Kf1 g5 24. Ke2 b5 25. Nc5 Rxc3 26. Rxa6 Rc2+ 27. Kf3 h5 28. h3 Bxc5 29. bxc5 b4 30. Rb6 Rb2 31. Rb7 Kg7 32. g4 1/2-1/2

[Event "Titled Tuesday intern op 30th May Early"]
[Site "Chess.com INT"]
[Date "2023.05.30"]
[Round "4"]
[White "Ciuffoletti, Paolo"]
[Black "Muthaiah, Al"]
[Result "0-1"]
[WhiteElo "2106"]
[BlackElo "2439"]
[PlyCount "48"]
[EventDate "2023.05.30"]
[EventType "swiss (blitz)"]
[EventRounds "11"]
[EventCountry "USA"]
[SourceTitle "CBM 214 Extra"]
[Source "ChessBase"]
[SourceDate "2023.07.31"]
[SourceVersion "1"]
[SourceVersionDate "2023.07.31"]
[SourceQuality "1"]

1. e4 e6 2. d4 d5 3. e5 c5 4. c3 Nc6 5. Nf3 Qb6 6. a3 a5 7. b3 Nh6 8. Bd3 Bd7 9. 0-0 cxd4 10. b4 axb4 11. cxb4 Nxb4 12. Be2 d3 13. Bxd3 Nxd3 14. Qxd3 Bb5 15. Qb3 Bc5 16. Rd1 Bxf2+ 17. Kh1 Ba4 18. Qxb6 Bxb6 19. Re1 Ng4 20. h3 Nf2+ 21. Kh2 Nd3 22. Rf1 Nxe5 23. Nxe5 Bd4 24. Ra2 Bxe5+ 0-1